| Tag |
First Indicator |
Second Indicator |
Subfields |
| LEADER |
00000cam a22000001 4500 |
| 001 |
in00000094770 |
| 005 |
20150927110539.0 |
| 008 |
700914s1968 nyua 00010 eng |
| 010 |
|
|
|a 68016019
|
| 035 |
|
|
|a (OCoLC)00439248
|
| 035 |
|
|
|9 AAL6643AM
|
| 040 |
|
|
|a DLC
|c DLC
|d TXA
|d UtOrBLW
|
| 049 |
|
|
|a TXAM
|c [915706]
|
| 050 |
0 |
0 |
|a TR660
|b .B75
|
| 082 |
0 |
|
|a 779/.36
|
| 100 |
1 |
|
|a Brodatz, Phil.
|
| 245 |
1 |
4 |
|a The elements of landscape ;
|b a photographic handbook for artists /
|c [by] Phil Brodatz & Dori Watson.
|
| 264 |
|
1 |
|a New York :
|b Reinhold Book Corp.,
|c [1968]
|
| 300 |
|
|
|a 137 pages :
|b chiefly illustrations ;
|c 32 cm.
|
| 336 |
|
|
|a text
|b txt
|2 rdacontent
|
| 337 |
|
|
|a unmediated
|b n
|2 rdamedia
|
| 338 |
|
|
|a volume
|b nc
|2 rdacarrier
|
| 650 |
|
0 |
|a Landscapes.
|
| 650 |
|
0 |
|a Landscape photography.
|
| 700 |
1 |
|
|a Watson, Dori.
|
| 999 |
|
|
|a MARS
|
| 999 |
f |
f |
|s 15b5548c-d408-30f8-8512-219a1dc8aa25
|i 9f51c01d-3430-3263-9dd3-74bec18d211a
|t 0
|
| 952 |
f |
f |
|p ric
|a Texas A&M University
|b Rellis Campus
|c Joint Library Facility
|d Remote Storage
|t 0
|e TR660 .B75
|h Library of Congress classification
|i unmediated -- volume
|m A14805629767
|
| 998 |
f |
f |
|a TR660 .B75
|t 0
|l Remote Storage
|